[Event "Chigorin Memorial 24th"]
[Site "St Petersburg"]
[Date "2016.10.15"]
[Round "1"]
[White "Ibadov, Dashgyn"]
[Black "Maksimovich, Sergey"]
[Result "1-0"]
[WhiteElo "2294"]
[BlackElo "1797"]
[PlyCount "101"]
[EventDate "2016.10.15"]
[EventType "swiss"]
[EventRounds "9"]
[EventCountry "RUS"]
[SourceTitle "CBM 175 Extra"]
[Source "ChessBase"]
[SourceDate "2016.12.12"]
[SourceVersion "1"]
[SourceVersionDate "2016.12.12"]
[SourceQuality "1"]

1. e4 e6 2. d4 d5 3. Nd2 Nf6 4. e5 Nfd7 5. Bd3 c5 6. c3 Nc6 7. Ne2 f6 8. Nf4 Qe7 9. Nf3 fxe5 10. dxe5 Ncxe5 11. Nxe5 Nxe5 12. Qh5+ Nf7 13. Bxh7 Qf6 14. Ng6 Rxh7 15. Qxh7 Bd6 16. 0-0 Kd8 17. h4 Kc7 18. Bg5 Nxg5 19. hxg5 Qxg5 20. Qxg7+ Bd7 21. Rfe1 Re8 22. Qf7 e5 23. f4 exf4 24. Rxe8 f3 25. Qxf3 Bxe8 26. Nf8 Qh6 27. Re1 Qh2+ 28. Kf2 Bh5 29. Ne6+ Kd7 30. Qh3 Qxh3 31. gxh3 Be7 32. Kg2 Bg6 33. Kg3 Be4 34. Nf4 Bd6 35. Kg4 b5 36. h4 b4 37. c4 Kc6 38. cxd5+ Bxd5 39. Nxd5 Kxd5 40. Rd1+ Kc6 41. b3 Be5 42. Kf5 Bc3 43. Ke4 a5 44. h5 Kb5 45. Kd5 a4 46. h6 axb3 47. axb3 c4 48. bxc4+ Ka4 49. c5 Kb3 50. c6 Kc2 51. Rh1 1-0